| 000 | 00916cab a2200229 4500 | ||
|---|---|---|---|
| 001 | X3344 | ||
| 008 | 090401t1996 xxu||||| |||| 00| 0 eng d | ||
| 035 | _a(Sirsi) u29872 | ||
| 041 | _aeng | ||
| 245 | _aEurope Mortgage Company v Halifax Estate Agencies | ||
| 260 | _c1996 | ||
| 350 | _a0 | ||
| 490 |
_aNew Property Cases _v[1996] NPC 68, (2) |
||
| 520 | _aQBD 2 May 1996. A mortgagee who has suffered loss as the result of negligent advice given by surveyors is not bound to bring the proceeds of a mortgage indemnity guarantee insurance policy when damages are quantified (taken from case heading). NOTE: NO PHOTOCOPYING ALLOWED. | ||
| 650 | _aEUROPE MORTGAGE COMPANY V HALIFAX ESTATE AGENCIES | ||
| 650 | _aMORTGAGE INDEMNITY GUARANTEES | ||
| 650 | _aNEGLIGENT ADVICE | ||
| 650 | _aRSC ORDER 18 | ||
| 690 | _aMANAGEMENT-BUSINESS MANAGEMENT-PROFESSIONAL PRACTICE | ||
| 942 | _n0 | ||
| 948 | _c04/03/1997 | ||
| 999 |
_c20098 _d20098 |
||